<?xml version="1.0" encoding="UTF-8"?><marc:collection xmlns:marc="http://www.loc.gov/MARC21/slim">
  <marc:record>
    <marc:leader>00000nam  2200000za 4500</marc:leader>
    <marc:controlfield tag="001">9.841377</marc:controlfield>
    <marc:controlfield tag="003">CaOODSP</marc:controlfield>
    <marc:controlfield tag="005">20221107152055</marc:controlfield>
    <marc:controlfield tag="007">cr |||||||||||</marc:controlfield>
    <marc:controlfield tag="008">170809s2007    onc    |o    f|0| 0 eng d</marc:controlfield>
    <marc:datafield tag="040" ind1=" " ind2=" ">
      <marc:subfield code="a">CaOODSP</marc:subfield>
      <marc:subfield code="b">eng</marc:subfield>
    </marc:datafield>
    <marc:datafield tag="043" ind1=" " ind2=" ">
      <marc:subfield code="a">n-cn---</marc:subfield>
    </marc:datafield>
    <marc:datafield tag="086" ind1="1" ind2=" ">
      <marc:subfield code="a">Iu81-3/10-2007E-PDF</marc:subfield>
    </marc:datafield>
    <marc:datafield tag="245" ind1="0" ind2="0">
      <marc:subfield code="a">2006 ISO General Assembly - Open Session on Electronic Healthcare and Standards </marc:subfield>
      <marc:subfield code="h">[electronic resource] : </marc:subfield>
      <marc:subfield code="b">held as part of the 29th International Organization for Standardization (ISO) General Assembly, Ottawa, Canada on 2006-09-14.</marc:subfield>
    </marc:datafield>
    <marc:datafield tag="260" ind1=" " ind2=" ">
      <marc:subfield code="a">Ottawa : </marc:subfield>
      <marc:subfield code="b">Standards Council of Canada, </marc:subfield>
      <marc:subfield code="c">2007.</marc:subfield>
    </marc:datafield>
    <marc:datafield tag="300" ind1=" " ind2=" ">
      <marc:subfield code="a">1 v. in various pagings.</marc:subfield>
    </marc:datafield>
    <marc:datafield tag="500" ind1=" " ind2=" ">
      <marc:subfield code="a">Issued also in French under title: Assemblée générale 2006 de l'ISO - séance publique sur les soins de santé électronique et les normes : tenue dans le cadre de la 29e Assemblée générale de l'Organisation internationale de normalisation (ISO), Ottawa, Canada, le 14 septembre 2006.</marc:subfield>
    </marc:datafield>
    <marc:datafield tag="500" ind1=" " ind2=" ">
      <marc:subfield code="a">Cover title.</marc:subfield>
    </marc:datafield>
    <marc:datafield tag="500" ind1=" " ind2=" ">
      <marc:subfield code="a">"Final report submitted to Industry Canada December 20, 2006, revised January 11, 2007."</marc:subfield>
    </marc:datafield>
    <marc:datafield tag="520" ind1=" " ind2=" ">
      <marc:subfield code="a">"This report has been prepared by the Standards Council of Canada (SCC) for Industry Canada. It summarizes the presentations and outcomes of three sessions presented as part of an Open Session on Healthcare held in Ottawa on September 14, 2006."--Introduction, p. 1.</marc:subfield>
    </marc:datafield>
    <marc:datafield tag="692" ind1="0" ind2="7">
      <marc:subfield code="2">gccst</marc:subfield>
      <marc:subfield code="a">Standards</marc:subfield>
    </marc:datafield>
    <marc:datafield tag="710" ind1="2" ind2=" ">
      <marc:subfield code="a">International Organization for Standardization.</marc:subfield>
      <marc:subfield code="b">General Assembly</marc:subfield>
      <marc:subfield code="n">(29th : </marc:subfield>
      <marc:subfield code="d">2006 : </marc:subfield>
      <marc:subfield code="c">Ottawa, Ont.)</marc:subfield>
    </marc:datafield>
    <marc:datafield tag="710" ind1="2" ind2=" ">
      <marc:subfield code="a">Standards Council of Canada.</marc:subfield>
    </marc:datafield>
    <marc:datafield tag="775" ind1="0" ind2="8">
      <marc:subfield code="t">Assemblée générale 2006 de l’ISO – séance publique sur les soins de santé électronique et les normes </marc:subfield>
      <marc:subfield code="w">(CaOODSP)9.841386</marc:subfield>
    </marc:datafield>
    <marc:datafield tag="856" ind1="4" ind2="0">
      <marc:subfield code="q">PDF</marc:subfield>
      <marc:subfield code="s">712 KB</marc:subfield>
      <marc:subfield code="u">https://publications.gc.ca/collections/collection_2017/ccn-scc/Iu81-3-10-2007-eng.pdf</marc:subfield>
    </marc:datafield>
  </marc:record>
</marc:collection>
